00466pab a2200157 454500008004000000100002000040245009600060260000900156300001300165362001100178650002700189650001900216700002400235700001500259773003400274180718b2008 xxu||||| |||| 00| 0 eng d aHajra, Kumudini aIssues before the 13th Finance Commission: correction of horizontal and vertical imbalances c2008 ap.89-95. a22 Mar aPublic finance - India aPublic finance aGajbhiye, Dhirendra aRakhe P.B. aEconomic and Political Weekly